[Event "Hebraica op 31st"]
[Site "Hebraica"]
[Date "2023.06.30"]
[Round "2"]
[White "Gobbi, Juliana Kaori"]
[Black "Ferreira, Fernando Goncalves"]
[Result "0-1"]
[WhiteElo "1800"]
[BlackElo "1407"]
[PlyCount "132"]
[EventDate "2023.06.30"]
[EventType "swiss"]
[EventRounds "6"]
[EventCountry "BRA"]
[SourceTitle "CBM 215 Extra"]
[Source "ChessBase"]
[SourceDate "2023.09.30"]
[SourceVersion "1"]
[SourceVersionDate "2023.09.30"]
[SourceQuality "1"]

1. e4 c6 2. Nf3 d5 3. exd5 cxd5 4. d4 Nc6 5. Nc3 Nf6 6. Bb5 Bg4 7. h3 Bxf3 8. Qxf3 e6 9. 0-0 Bd6 10. Bg5 0-0 11. Bxf6 Qxf6 12. Qxf6 gxf6 13. Rae1 Nxd4 14. Bd3 f5 15. Nb5 Nxb5 16. Bxb5 Rac8 17. c3 Kh8 18. Rd1 Rg8 19. c4 a6 20. Bd7 Rc7 21. Ba4 b5 22. cxb5 axb5 23. Bxb5 Rb7 24. Bc6 Rxb2 25. a4 Bc5 26. Ra1 Rc2 27. a5 Bxf2+ 28. Rxf2 Rxc6 29. a6 Ra8 30. a7 Rc7 31. Rfa2 Kg7 32. Kf2 Kf6 33. Ke3 Ke5 34. g4 fxg4 35. hxg4 Rd7 36. Kf3 d4 37. Re2+ Kf6 38. Rea2 e5 39. Ra6+ Ke7 40. Ke4 f6 41. Kf5 d3 42. g5 fxg5 43. Kxg5 d2 44. Rd1 Raxa7 45. Rxa7 Rxa7 46. Rxd2 Ke6 47. Kg4 Rf7 48. Rd3 e4 49. Re3 Ke5 50. Kg3 Kd4 51. Re2 Kd3 52. Rf2 Rxf2 53. Kxf2 Kd2 54. Kg3 e3 55. Kg4 e2 56. Kg5 e1Q 57. Kh6 Qh4+ 58. Kg7 h5 59. Kf7 Qg5 60. Ke6 Ke3 61. Kd6 Kd4 62. Kc6 Qd5+ 63. Kc7 Qe6 64. Kb7 Kc5 65. Ka8 Kb6 66. Kb8 Qe8# 0-1